Training for a smart workforce /

This book is about: Megatrends: setting the scene in the changing world of work; Critical aspects for workplace education; Pedagogic implications and actions; Directions.

Shranjeno v:
Bibliografske podrobnosti
Format: Knjiga
Jezik:English
Izdano: London : Routledge, 2000.
Teme:
Oznake: Označite
Brez oznak, prvi označite!
Thư viện lưu trữ: Mạng thư viện Đại học Đà Nẵng
LEADER 01050cam a2200349 i 4500
001 000049031
003 8759
005 20051111142251.0
008 010321b2000 vm 000 eng
020 |a 0415195527 
040 |a IRC  |c IRC  |d IRC 
041 0 |a eng 
082 1 4 |a 658.3124  |b Tr-S 
245 0 0 |a Training for a smart workforce /  |c Edited by Rod Gerber and Colin Lankshear. 
260 |a London :  |b Routledge,  |c 2000. 
300 |a xii, 209 p. ;  |c 23.5cm. 
520 3 |a This book is about: Megatrends: setting the scene in the changing world of work; Critical aspects for workplace education; Pedagogic implications and actions; Directions. 
630 0 4 |a Training. 
630 0 4 |a Employees. 
630 0 4 |a Organization. 
650 0 4 |a Employees  |x Training of. 
650 0 4 |a Organizational learning. 
OWN |a DUT 
999 |a From the UDN01 
TYP |a Monograph 
TYP |a Printed language 
980 |a Mạng thư viện Đại học Đà Nẵng